| 000 | 00780cam a22002054a 4500 | ||
|---|---|---|---|
| 005 | 20250605164104.0 | ||
| 008 | 250528s ||||||||||||||||||||||||d | ||
| 035 | _a17651 | ||
| 020 | _a9780131854758 | ||
| 040 |
_aGR-AtMCL _bgre _dGR-AtMCL _eAACR2 |
||
| 245 | 1 | _aCorporate Computer and Network Security / Second Edition | |
| 250 | _a2nd | ||
| 260 |
_bPrentice Hall, _c2010 |
||
| 300 | _a518 | ||
| 520 | _aPreface, The Threat Environment: Attackers and theit Attacks, Planning, The Elements of Cryptography, Cryptographic System Standards, Access Control, Firewalls, Host and Data Security, Application Security, Incident and Disaster Response, Networking Concepts, Glossary, Index. | ||
| 700 | 1 |
_aPanko Raymond R _93838 |
|
| 942 | _cBK | ||
| 999 |
_c3053 _d3053 |
||